| 000 | 00437nam a22001697a 4500 | ||
|---|---|---|---|
| 005 | 20180718123705.0 | ||
| 008 | 160525b xxu||||| |||| 00| 0 eng d | ||
| 020 | _a81-272-2123-6 | ||
| 041 | _aeng | ||
| 082 |
_b4954 _a658.1511 |
||
| 100 |
_aGupta, Shashi K. and Sharma, R.K. _94552 |
||
| 245 | _aManagement Accounts | ||
| 260 |
_aNew Delhi _bAcademic Faundation _c2008 |
||
| 300 | _a39.21p, | ||
| 650 |
_aManagement _9241 |
||
| 942 | _cBK | ||
| 999 |
_c1739 _d1738 |
||